Tilastot visalle Pääkaupungit kirjaimittain - K

Klikkaa tästä pelataksesi tätä visaa!

Yleistilastot

  • Tätä visaa on pelattu 744 kertaa
  • Keskiarvotulos 10 / 15

Vastaustilastot

ValtioPääkaupunki% Oikein
EgyptiKairo
83%
UkrainaKiova
80%
TanskaKööpenhamina
79%
Kongon demokraattinen tasavaltaKinshasa
73%
AfganistanKabul
70%
JamaikaKingston
70%
MalesiaKuala Lumpur
67%
NepalKathmandu
66%
KuwaitKuwait
65%
Saint Vincent ja GrenadiinitKingstown
63%
UgandaKampala
61%
RuandaKigali
61%
Etelä-AfrikkaKapkaupunki
59%
SudanKhartum
56%
Sri LankaKotte
43%

Tulosjakauma

Persentiili vastausten määrän mukaan

Jokaisen tuloksen saaneiden osuus

Tuloshistoriasi

Et ole pelannut tätä visaa